|
|
|
|
| LEADER |
00000nam a22000007a 4500 |
| 005 |
20210429210720.0 |
| 007 |
cr|||| |||| |
| 008 |
210429s2011 co |||||s|||| 00||0 spa d |
| 020 |
|
|
|a 978-958-665-180-3
|
| 035 |
|
|
|a 33183
|
| 040 |
|
|
|a vLex
|
| 090 |
|
|
|c 11557
|d 11557
|
| 100 |
1 |
|
|a Angarita Caąs, Pablo Emilio
|
| 245 |
1 |
0 |
|a Seguridad democrt̀ica
|h [Recurso electrn̤ico] :
|b Lo invisible de un rǧimen polt̕ico y econm̤ico /
|c Pablo Emilio Angarita Caąs
|
| 256 |
|
|
|a Servicio en ln̕ea
|
| 260 |
|
|
|a Bogot:̀
|b Siglo del Hombre Editores,
|c 2011
|
| 300 |
|
|
|a 1 recurso electrn̤ico
|
| 500 |
|
|
|a -El objeto de estudio de este libro lo constituye la Seguridad democrt̀ica, desde planteamientos crt̕icos e histr̤icos. Dado el carc̀ter complejo de nuestro objeto de investigacin̤, empleamos diversas disciplinas que tienen en comn︢ ubicarse en la perspectiva de los intereses de las clases subalternas y los sectores excluidos. As ̕muestra la formacin̤ socioeconm̤ica (parte oculta del iceberg), en la que se tejen las ml︢tiples relaciones de poder y contra-poder, particularemente expresadas en los controles biopolt̕icos. - El autor. Libro en coedicin̤ con la Facultad de Derecho y Ciencias Polt̕icas de la Universidad de Antioquia (Colombia).
|
| 506 |
1 |
|
|a Disponible solo en los productos indicados
|d vLex Global
|d vLex Global (Academic Edition, excluding Law Schools)
|d vLex Global (U.S. Academic Edition, Law Schools)
|d vLex Global (U.S. Academic Edition, excluding Law Schools)
|d vLex Global (Academic Edition, Law Schools)
|
| 650 |
0 |
4 |
|a Ciencias sociales
|z Colombia
|
| 650 |
0 |
4 |
|a Humanidades
|z Colombia
|
| 740 |
0 |
|
|a vLex Libros (Servicio en ln̕ea)
|
| 856 |
4 |
0 |
|u https://vlex.com/source/seguridad-democratica-lo-invisible-de-un-regimen-politico-y-economico-33183
|z Acceso restringido
|
| 942 |
|
|
|c BOOK
|
| 999 |
0 |
|
|a Social Sciences
|
| 999 |
0 |
|
|a Humanities
|